000
00276nam a22000977a 4500
008
150114b xxu||||| |||| 00| 0 eng d
020
_a
9781561836956
245
_a
Financial Fitness for Life : Student workbook Grade 6-8
_c
Barbara Flowers
300
_a
154 p.
942
_2
lcc
_c
BK
999
_c
276975
_d
276975